000 00463nam a2200145 a 4500
001 000027361
005 20200930030759.0
008 110331s1985 dr 000 0 spa d
040 _aDO-SdBNP
_bspa
_cBNPHU
111 2 _aCogreso nacional
_d1985
_cSanto Domingo
_n3 : 16-18 de marzo
_954438
245 1 0 _aPrograma del PCD aprobado en el tercer congreso.
260 _aSanto Domingo :
_bPCD,
_c1985
_fEditora Taller
300 _a108 p. :
_bil. ;
_c27 cm.
049 _aBNPD
999 _c26853
_d26853